[Event "GER-ch U18"]
[Site "Willingen"]
[Date "2023.05.31"]
[Round "6"]
[White "Bilovil, Bogdan"]
[Black "Farokhi, Keyvan"]
[Result "1/2-1/2"]
[WhiteElo "2348"]
[BlackElo "2266"]
[PlyCount "65"]
[EventDate "2023.05.28"]
[EventType "swiss"]
[EventRounds "9"]
[EventCountry "GER"]
[SourceTitle "CBM 214 Extra"]
[Source "ChessBase"]
[SourceDate "2023.07.31"]
[SourceVersion "1"]
[SourceVersionDate "2023.07.31"]
[SourceQuality "1"]

1. c4 e5 2. Nc3 Nf6 3. Nf3 Nc6 4. g3 Bb4 5. Bg2 0-0 6. 0-0 e4 7. Ng5 Bxc3 8. bxc3 Re8 9. d3 exd3 10. exd3 h6 11. Nh3 d6 12. Nf4 Bg4 13. Qb3 Rb8 14. h3 Bf5 15. Rd1 Qd7 16. Be3 b6 17. Kh2 Ne5 18. d4 Ng6 19. Qb5 Qxb5 20. cxb5 Nxf4 21. Bxf4 Re2 22. Rd2 Rbe8 23. Bf1 Rxd2 24. Bxd2 Ne4 25. Be1 Ng5 26. g4 Nf3+ 27. Kg3 Be4 28. Bg2 Nxe1 29. Rxe1 Bc6 30. Rxe8+ Bxe8 31. c4 Kf8 32. Kf4 Ke7 33. Be4 1/2-1/2

[Event "Staufer op 33rd"]
[Site "Schwaebisch Gmuend"]
[Date "2023.01.05"]
[Round "7"]
[White "Bilovil, Bogdan"]
[Black "Vogel, Roven"]
[Result "1/2-1/2"]
[WhiteElo "2373"]
[BlackElo "2463"]
[PlyCount "48"]
[EventDate "2023.01.02"]
[EventType "swiss"]
[EventRounds "9"]
[EventCountry "GER"]
[SourceTitle "CBM 212 Extra"]
[Source "ChessBase"]
[SourceDate "2023.03.31"]
[SourceVersion "1"]
[SourceVersionDate "2023.03.31"]
[SourceQuality "1"]

1. d4 Nf6 2. c4 e6 3. Nc3 d5 4. cxd5 exd5 5. Bf4 c6 6. e3 Bd6 7. Bxd6 Qxd6 8. Bd3 0-0 9. Nge2 Re8 10. Qd2 Nbd7 11. f3 c5 12. 0-0 a6 13. Rad1 b5 14. dxc5 Qxc5 15. Nd4 Ne5 16. b3 Nxd3 17. Qxd3 Bd7 18. Rc1 Qe7 19. Kf2 Qd6 20. Kg1 Re5 21. Nd1 Qe7 22. Nc6 Bxc6 23. Rxc6 h5 24. Qd4 a5 1/2-1/2

[Event "Dortmund Sparkassen op 49th"]
[Site "Dortmund"]
[Date "2022.07.20"]
[Round "5"]
[White "Sonnenschein, Philipp"]
[Black "Bilovil, Bogdan"]
[Result "0-1"]
[WhiteElo "2180"]
[BlackElo "2359"]
[PlyCount "82"]
[EventDate "2022.07.16"]
[EventType "swiss"]
[EventRounds "9"]
[EventCountry "GER"]
[SourceTitle "CBM 209 Extra"]
[Source "ChessBase"]
[SourceDate "2022.09.30"]
[SourceVersion "1"]
[SourceVersionDate "2022.09.30"]
[SourceQuality "1"]

1. e4 c5 2. Nf3 d6 3. Bb5+ Nd7 4. 0-0 Ngf6 5. Re1 a6 6. Bd3 e6 7. c3 Be7 8. Bc2 Qc7 9. d4 b5 10. a4 b4 11. Nbd2 Bb7 12. Bd3 Rc8 13. a5 c4 14. Bxc4 bxc3 15. bxc3 Nxe4 16. Bxe6 Nxc3 17. Bxd7+ Qxd7 18. Qb3 Bd5 19. Qb6 Rc6 20. Qb8+ Qd8 21. Qb4 0-0 22. Bb2 Nb5 23. Rec1 Rxc1+ 24. Rxc1 Qa8 25. Ne1 Bg5 26. Rd1 Rc8 27. Ba1 Rc7 28. Nf1 Qe8 29. Ng3 h5 30. Nf3 Bxf3 31. gxf3 d5 32. Nxh5 f5 33. Ng3 f4 34. Nf1 Qh5 35. Qb3 Bh4 36. Nd2 Rc6 37. Kf1 Rg6 38. Ke2 Re6+ 39. Kf1 Bxf2 40. Ne4 Be3 41. Ke2 Rxe4 0-1

[Event "EU-ch 22nd"]
[Site "Terme Catez"]
[Date "2022.04.03"]
[Round "8"]
[White "Sousa, Andre Ventura"]
[Black "Bilovil, Bogdan"]
[Result "0-1"]
[WhiteElo "2429"]
[BlackElo "2272"]
[PlyCount "74"]
[EventDate "2022.03.27"]
[EventType "swiss"]
[EventRounds "11"]
[EventCountry "SLO"]
[SourceTitle "CBM 208"]
[Source "ChessBase"]
[SourceDate "2022.06.30"]
[SourceVersion "1"]
[SourceVersionDate "2022.06.30"]
[SourceQuality "1"]

1. e4 c5 2. Nf3 d6 3. Bb5+ Nd7 4. d4 cxd4 5. Qxd4 a6 6. Bxd7+ Qxd7 7. Nc3 Qc6 8. e5 e6 9. Be3 d5 10. 0-0-0 Bd7 11. Qd3 Rc8 12. Nd4 Qc4 13. f4 Ne7 14. Kd2 g6 15. g4 h5 16. h3 Qxd3+ 17. cxd3 Nc6 18. Nb3 g5 19. d4 gxf4 20. Bxf4 hxg4 21. hxg4 Rg8 22. Rdg1 Bb4 23. Be3 Na7 24. Rh7 Nb5 25. Rf1 Nxc3 26. bxc3 Rxc3 27. a3 Rxb3+ 28. axb4 Rxg4 29. Rfxf7 Rg2+ 30. Bf2 Bb5 31. Kc2 Ba4 32. Kd2 Rb2+ 33. Ke3 Rb3+ 34. Kd2 Bb5 35. Kc2 Ra3 36. Kb2 Rh3 37. Re7+ Kd8 0-1

[Event "UKR-ch sf"]
[Site "Omelnyk"]
[Date "2021.09.24"]
[Round "3"]
[White "Dubnevych, Maksym"]
[Black "Bilovil, Bogdan"]
[Result "0-1"]
[WhiteElo "2074"]
[BlackElo "2262"]
[PlyCount "88"]
[EventDate "2021.09.22"]
[EventType "swiss"]
[EventRounds "9"]
[EventCountry "UKR"]
[SourceTitle "CBM 204 Extra"]
[Source "ChessBase"]
[SourceDate "2021.11.30"]
[SourceVersion "1"]
[SourceVersionDate "2021.11.30"]
[SourceQuality "1"]

1. e4 c5 2. Nf3 d6 3. d4 cxd4 4. Nxd4 Nf6 5. Nc3 a6 6. h4 e5 7. Nb3 b5 8. Bg5 Nbd7 9. a4 b4 10. Nd5 Bb7 11. Bc4 Be7 12. Nxe7 Qxe7 13. f3 h6 14. Bxf6 Nxf6 15. Qd2 0-0 16. Qxb4 Rab8 17. Qd2 Qc7 18. Bd5 Bxd5 19. exd5 Rfc8 20. Kd1 Nxd5 21. Re1 Nf4 22. g3 Ne6 23. Re3 d5 24. Qc3 d4 25. Qxc7 Rxc7 26. Rd3 f5 27. Rd2 Kf7 28. f4 exf4 29. gxf4 Rb4 30. Ra3 Kf6 31. Rf2 Rd7 32. Nc1 Rxb2 33. h5 Nc5 34. Rg2 Rb1 35. Rag3 Ne6 36. Rf2 Rc7 37. Kd2 Nc5 38. Rg6+ Kf7 39. Rfg2 Ne4+ 40. Kd1 Kf8 41. Rxa6 d3 42. Ra5 d2 43. Rxf5+ Kg8 44. Rxd2 Nc3+ 0-1

[Event "Kiev Spring op"]
[Site "Kiev"]
[Date "2021.07.17"]
[Round "9"]
[White "Bilovil, Bogdan"]
[Black "Ghevondyan, Arman"]
[Result "1-0"]
[WhiteElo "2164"]
[BlackElo "1824"]
[PlyCount "85"]
[EventDate "2021.07.10"]
[EventType "swiss"]
[EventRounds "9"]
[EventCountry "UKR"]
[SourceTitle "EXT 2024"]
[Source "ChessBase"]
[SourceDate "2023.10.10"]
[SourceVersion "1"]
[SourceVersionDate "2023.10.10"]
[SourceQuality "1"]

1. e4 c5 2. Nf3 Nc6 3. d4 cxd4 4. Nxd4 g6 5. c4 Bg7 6. Be3 Nf6 7. Nc3 Ng4 8. Qxg4 Nxd4 9. Qd1 Ne6 10. Rc1 Qa5 11. Be2 b6 12. Qd5 Qxd5 13. cxd5 Nc5 14. f3 a5 15. d6 Bxc3+ 16. Rxc3 exd6 17. Kf2 Bb7 18. Rd1 d5 19. exd5 d6 20. Bf4 0-0-0 21. Bb5 f6 22. a3 g5 23. Bg3 f5 24. h4 a4 25. hxg5 Kb8 26. Rd4 h6 27. Rh4 Bxd5 28. gxh6 Bb3 29. Bd3 Be6 30. Bc2 Kb7 31. Re3 b5 32. Bf4 Kc6 33. Bg5 Rdf8 34. Re1 Rf7 35. Be3 Bb3 36. Bb1 Ne6 37. Bd2 Rf6 38. Rh5 f4 39. h7 d5 40. Bc3 d4 41. Rxe6+ Rxe6 42. Bxd4 Ree8 43. Be4+ 1-0

[Event "Kiev Spring op"]
[Site "Kiev"]
[Date "2021.07.13"]
[Round "5"]
[White "Bilovil, Bogdan"]
[Black "Lysoivan, Anton"]
[Result "1-0"]
[WhiteElo "2164"]
[BlackElo "2031"]
[PlyCount "69"]
[EventDate "2021.07.10"]
[EventType "swiss"]
[EventRounds "9"]
[EventCountry "UKR"]
[SourceTitle "EXT 2024"]
[Source "ChessBase"]
[SourceDate "2023.10.10"]
[SourceVersion "1"]
[SourceVersionDate "2023.10.10"]
[SourceQuality "1"]

1. Nf3 Nf6 2. c4 g6 3. Nc3 Bg7 4. e4 d6 5. d4 0-0 6. Be2 e5 7. 0-0 Nc6 8. Be3 Ne8 9. dxe5 Nxe5 10. Nd4 Bd7 11. f4 Nc6 12. Bf3 Nxd4 13. Bxd4 Bxd4+ 14. Qxd4 c6 15. Kh1 Qb6 16. Qd2 Be6 17. b3 Rd8 18. Rad1 Ng7 19. f5 gxf5 20. exf5 Bxf5 21. Be4 Bg6 22. Bxg6 fxg6 23. Ne4 Nf5 24. Qb2 Qe3 25. Nf6+ Rxf6 26. Qxf6 Rf8 27. Qb2 Qh6 28. Rf3 Qh5 29. Qf2 Re8 30. Re1 Re5 31. h3 Qg5 32. g4 Nh4 33. Rf8+ Kg7 34. Rf1 Re3 35. Qf7+ 1-0

[Event "Kiev Spring Blitz op"]
[Site "Kiev"]
[Date "2021.07.11"]
[Round "5"]
[White "Bogdanov, Egor"]
[Black "Bilovil, Bogdan"]
[Result "1/2-1/2"]
[WhiteElo "2425"]
[BlackElo "2164"]
[PlyCount "79"]
[EventDate "2021.07.11"]
[EventType "swiss (blitz)"]
[EventRounds "9"]
[EventCountry "UKR"]
[SourceTitle "CBM 203 Extra"]
[Source "ChessBase"]
[SourceDate "2021.09.30"]
[SourceVersion "1"]
[SourceVersionDate "2021.09.30"]
[SourceQuality "1"]

1. e4 c5 2. c3 Nf6 3. e5 Nd5 4. d4 cxd4 5. Nf3 Nc6 6. cxd4 d6 7. Bc4 dxe5 8. Bxd5 Qxd5 9. Nc3 Qd6 10. d5 Nd4 11. Nxd4 exd4 12. Qxd4 e5 13. Qe4 f5 14. Qe2 Kf7 15. 0-0 Bd7 16. Be3 Be7 17. f4 Bf6 18. Qf2 Rhe8 19. Bc5 Qa6 20. fxe5 Rxe5 21. Bd4 Ree8 22. Kh1 Rac8 23. Rae1 Bxd4 24. Qxd4 Qb6 25. Qh4 Qxb2 26. Ne4 Kg8 27. Ng5 h6 28. Ne6 Bxe6 29. dxe6 Qxa2 30. e7 Qf7 31. Re5 g6 32. Qxh6 Rc7 33. Rd1 Rcxe7 34. Rxe7 Rxe7 35. h4 Re8 36. Rd6 Re6 37. Rd8+ Re8 38. Rd6 Re6 39. Rd8+ Re8 40. Rd6 1/2-1/2

[Event "Kiev Spring Blitz op"]
[Site "Kiev"]
[Date "2021.07.11"]
[Round "3"]
[White "Mischuk, Dmitry"]
[Black "Bilovil, Bogdan"]
[Result "0-1"]
[WhiteElo "2355"]
[BlackElo "2164"]
[PlyCount "120"]
[EventDate "2021.07.11"]
[EventType "swiss (blitz)"]
[EventRounds "9"]
[EventCountry "UKR"]
[SourceTitle "CBM 203 Extra"]
[Source "ChessBase"]
[SourceDate "2021.09.30"]
[SourceVersion "1"]
[SourceVersionDate "2021.09.30"]
[SourceQuality "1"]

1. e4 c5 2. Nf3 d6 3. d4 cxd4 4. Nxd4 Nf6 5. Nc3 a6 6. h4 e5 7. Nb3 Be6 8. f4 exf4 9. Bxf4 Nc6 10. Qd2 Be7 11. 0-0-0 Ne5 12. Nd4 Bg4 13. Be2 0-0 14. Nf5 Bxf5 15. exf5 Qa5 16. Kb1 Rfe8 17. Nd5 Qxd5 18. Qxd5 Nxd5 19. Rxd5 h6 20. g4 Rad8 21. c3 Nd7 22. Bd1 Nf6 23. Rd4 d5 24. Bf3 Bc5 25. Rd3 Ne4 26. Rf1 a5 27. Kc2 b6 28. a4 f6 29. Re1 Bf2 30. Re2 Bxh4 31. Bxe4 dxe4 32. Rxd8 Rxd8 33. Rxe4 Bf2 34. Re6 Rc8 35. Kd3 Kf7 36. Bd6 Kg8 37. b3 Kh7 38. c4 h5 39. gxh5 Kh6 40. Ke4 Kxh5 41. Re7 g6 42. Rh7+ Kg5 43. Bf4+ Kg4 44. fxg6 Re8+ 45. Kd5 Kxf4 46. g7 Rg8 47. Ke6 Bd4 48. Kf7 Rc8 49. g8Q Rxg8 50. Kxg8 f5 51. Kf7 Ke3 52. Rh3+ Ke2 53. Rh4 Ke3 54. Ke6 f4 55. Kd5 Bc5 56. Rh5 f3 57. Re5+ Kd2 58. Rf5 Ke2 59. Ke4 f2 60. b4 Bxb4 0-1